000 00663nam a2200241 i 4500
001 C2-0276156
003 PPAK
005 20180728004708.0
008 061115s1992 ohua|||| ||||| | eng d
020 _a0538614501
040 _aPPAK
_beng
_cPPAK
_erda
082 0 4 _a510
_223
090 0 0 _a510
_bCLA
_dR
100 1 _aClayton, Cheryl,
_eauthor
245 1 0 _aSouth-Western mathematic of money
264 1 _aCincinnati :
_bSouth-Western Publishing ,
_c1992
300 _ax, 676 pages :
_billustrations ;
_c23 cm
336 _2rdacontent
_atext
337 _2rdamedia
_aunmediated
338 _2rdacarrier
_avolume
650 1 0 _aMathematics.
942 _ddc
_cB
999 _c83688
_d83688